Recherches sur l'aspect idéologique du principat
Saved in:
| Hovedforfatter: | |
|---|---|
| Format: | Bog |
| Sprog: | fransk |
| Udgivet: |
Basilea
Friedrich Reinhardt
1953
|
| Serier: | Schweizerische Beiträge Zur Altertunswissenschaft, Heft 6
|
| Fag: | |
| Tags: |
Tilføj Tag
Ingen Tags, Vær først til at tagge denne postø!
|
MARC
| LEADER | 00000nam a2200000 a 4500 | ||
|---|---|---|---|
| 001 | UCG6154 | ||
| 003 | CL-VaPUC | ||
| 008 | 110407e19530000SZ |||||||||||||||||fre|d | ||
| 020 | |a 9785796517266 | ||
| 082 | 0 | 4 | |a 140 |b BER |2 21 |
| 100 | 0 | |a Béranger, Jean |e author |9 556164 | |
| 245 | 1 | 0 | |a Recherches sur l'aspect idéologique du principat |
| 300 | |a 318 p | ||
| 942 | |c BK | ||
| 945 | |d 20110407 00:00:00 |a jcampos | ||
| 260 | |a Basilea |b Friedrich Reinhardt |c 1953 | ||
| 650 | 0 | |a Ideología |9 255854 | |
| 650 | 7 | |a PRINCIPIOS FILOSOFICOS |2 CL-VaPUC |9 556165 | |
| 650 | 0 | |a Política |9 255312 | |
| 583 | |a last modification |c 20110407 00:00:00 |k Rodrigo Vera | ||
| 490 | 0 | |a Schweizerische Beiträge Zur Altertunswissenschaft, Heft 6 | |
| 999 | |c 344432 |d 344430 | ||
| 952 | |0 0 |1 0 |4 0 |6 140_000000000000000_BER_1953 |7 0 |8 A |9 442402 |a BIBHIS |b BIBHIS |d 2019-11-22 |i 4764161 |o 140 BER 1953 |p 4764161 |r 2025-01-20 |w 2019-11-22 |y BK |k HIS | ||